Top 10 Countries with the most Olympic Gold Medals in Cycling - Statistics

General Stats
  • This quiz has been taken 559 times
  • The average score is 8 of 10
Answer Stats
# Country % Correct
41 France
98%
32 Great Britain
94%
25 Germany/ West Germany
93%
33 Italy
93%
16 United States
93%
7 Belgium
88%
18 Netherlands
85%
14 Australia
73%
7 Denmark
54%
11 Soviet Union
42%
No matching quizzes found
Score Distribution
Percent of People with Each Score
Percentile by Number Answered
Your Score History
You have not taken this quiz